000 00978nas a2200313 4500
001 BR2011007504
003 BR-BrBNA
005 20231205115755.0
007 ta
008 230509b bl.|||p| |||| 00| 00por d
040 _aBR-BrBNA
_bpor
_cBiblioteca Nacional de Agricultura
041 _a(Pt)
072 _aF04
100 1 _aFernandes, L.J.C.
100 1 _aBüll, L.T.
100 1 _aCorrêa, J.C.
100 1 _aPavan, M.A,
100 1 _aImaizumi, I.
245 1 _aResposta de plantas de alho livres de vírus ao nitrogênio em ambiente protegido
246 1 _aNitrogen fertilization in garlic free of virus cultivated in protected environment
650 _aALHO
650 _aALLIUM SATIVUM
650 _aNITROGÊNIO
650 _aADUBO
650 _aNUTRIÇÃO VEGETAL
773 0 _tHorticultura Brasileira (Brazil)
_xISSN 0102-0536
_g(Jan-Mar 2010), v. 28(1) p. 97-101
_wBR2011007504
909 _a202311
_bLúcia
_c55
_dLúcia Elande
942 _2AGRIS
_n0
_cANA
999 _c215629
_d215629